| 000 | 00508nam a2200181Ia 4500 | ||
|---|---|---|---|
| 020 | _a9780070087705 | ||
| 082 |
_a6.3 _bRIC |
||
| 100 | _aRich,Elaine | ||
| 245 | _aArtificial Intelligence | ||
| 250 | _a3rd Ed. | ||
| 260 |
_bTata McGraw Hill Education Private Limited _aNew Delhi _c2011 |
||
| 300 | _a568p. | ||
| 650 | _aCOMPUTER SCIENCE | ||
| 653 | _aArtificial Intelligence,fuzzy logic,Genetic Algorithms,SPECIAL COMPUTER METHODS | ||
| 700 | _aKnight,Kevin | ||
| 700 | _aNair,S.B | ||
| 942 |
_2ddc _cBK _09 |
||
| 999 |
_c5410 _d5410 |
||